| 000 | 01005nam a22002417a 4500 | ||
|---|---|---|---|
| 003 | OSt | ||
| 005 | 20250930104813.0 | ||
| 008 | 250930b |||||||| |||| 00| 0 eng d | ||
| 020 |
_a9789671707463 _cRM12.00 _qpaperback |
||
| 040 |
_beng _cSSK Library _erda |
||
| 082 | _a297.22/UMA | ||
| 100 |
_aUmar ibn al-Khattab, _eauthor. |
||
| 245 |
_aRisalat 'iithbat alqadr _bMENGIMANI TAKDIR / _cPenulis: AMIR AL-MU'MININ UMAR BIN AL-KHATTAB ; Pentahkik: Shaykh 'Adil Alu Hamdan ; Penterjemah: Muhammad 'Ataullah Mohd Ali ; Semakan; Mohd Afiq Mohd Akhir ; Penyunting: Abdullah Izzat |
||
| 260 |
_aSerendah, Selangor : _bKarya PiS Sdn. Bhd., _c[2020] |
||
| 300 |
_a36 pages ; _c21 cm |
||
| 500 | _aContains verses from the Hadith | ||
| 650 |
_aFate and fatalism _xReligious aspects _xIslam |
||
| 700 |
_aAdil Alu Hamdan, _eauthor. |
||
| 700 |
_aMohd. Afiq Mohd. Akhir, _eeditor. |
||
| 700 |
_aMuhammad 'Ataullah Mohd. 'Ali, _etranslator. |
||
| 700 |
_aAbdullah Izzat, _eeditor. |
||
| 942 |
_2ddc _cBOOK _n0 |
||
| 999 |
_c28410 _d28410 |
||